| 000 | 00660nam a2200193Ia 4500 | ||
|---|---|---|---|
| 003 | OSt | ||
| 005 | 20250603151504.0 | ||
| 008 | 210210b1985 xxu||||| |||| 00| 0 eng d | ||
| 040 | _cAL | ||
| 041 | _aKannada | ||
| 082 | _a301K BHAS | ||
| 100 |
_aBHAIRAPPA (K) & BENAGANAHALLI (Somegauda) _9151503 _dಭೈರಪ್ಪ (ಕೆ) ಮತ್ತು ಬೆನಗನಹಳ್ಳಿ (ಸೋಮೇಗೌಡ) |
||
| 245 |
_aSamajashastrada mulatatvagalu. _bಸಮಾಜಶಾಸ್ತ್ರದ ಮೂಲತತ್ವಗಳು |
||
| 260 |
_aGadaga _bSuresha Pablikeshans _c1985 |
||
| 300 | _avi,361 | ||
| 690 |
_aSociology _9151504 |
||
| 906 | _a038404 | ||
| 942 |
_2ddc _cBK |
||
| 999 |
_c88648 _d88648 |
||